000 01148nam0a22002651 4500
001 rc\4647079
005 20260407171316.0
021 _aRU
_b68-17953
021 _aRU
_bРг7014-68
035 _a(NLR Aleph) 008410925
090 _a9295982
_c9295982
100 _a20130416d1968 |||y0rusy50 ca
101 0 _arus
102 _aRU
105 _ay z |||||
200 1 _aТезисы докладов
_fМ-во сел. хоз-ва СССР. Всесоюз. ордена Ленина Акад. с.-х. наук им. В.И. Ленина. Всесоюз. науч.-исслед. ин-т защиты растений. Совещание по резистентности клещей к акарицидам (23-26 янв. 1968 г.)
210 _aЛенинград
_cБ. и.
_d1968
215 _a38 с.
_d20
300 _aОтпеч. множит. аппаратом
710 1 2 _aСовещание по резистентности клещей к акарицидам
_f1968
_eЛенинград
_3RU\NLR\AUTH\8810107550
_9715275
801 0 _aRU
_bNLR
_gpsbo
801 1 _aRU
_bELAR
_2rusmarc
852 _aNLR
_j68-4/22023
942 _cBOOK
980 _aNB